[Event "DVM U12 2022"]
[Site "München GER"]
[Date "2022.12.28"]
[Round "3"]
[White "Limmer, Marco"]
[Black "Büchel, David"]
[Result "0-1"]
[Termination "normal"]
[Board "1.2"]
[WhiteElo "1843"]
[BlackElo "1611"]
[WhiteClock "00:06:16"]
[BlackClock "00:04:23"]
[WhiteTeam "TV Tegernsee"]
[BlackTeam "SF München"]
[PlyCount "68"]
[WhiteFideId "34603506"]
[BlackFideId "34603689"]
[EventCountry "GER"]
[EventRounds "7"]
[EventType "team-swiss"]
[EventDate "2022.12.26"]

1. e4 {[%clk 01:30:57]} {[%emt 00:00:02]} c5 {[%clk 01:30:56]} {[%emt
00:00:05]} 2. Nf3 {[%clk 01:31:23]} {[%emt 00:00:04]} d6 {[%clk 01:31:14]}
{[%emt 00:00:12]} 3. d4 {[%clk 01:31:39]} {[%emt 00:00:14]} cxd4 {[%clk
01:31:40]} {[%emt 00:00:04]} 4. Nxd4 {[%clk 01:32:03]} {[%emt 00:00:05]} Nf6
{[%clk 01:32:05]} {[%emt 00:00:05]} 5. Nc3 {[%clk 01:32:27]} {[%emt 00:00:06]}
g6 {[%clk 01:32:32]} {[%emt 00:00:03]} 6. Be3 {[%clk 01:32:37]} {[%emt
00:00:21]} Bg7 {[%clk 01:32:57]} {[%emt 00:00:04]} 7. f3 {[%clk 01:32:52]}
{[%emt 00:00:15]} O-O {[%clk 01:33:20]} {[%emt 00:00:07]} 8. Qd2 {[%clk
01:33:11]} {[%emt 00:00:12]} Nc6 {[%clk 01:33:44]} {[%emt 00:00:06]} 9. g4
{[%clk 01:33:31]} {[%emt 00:00:10]} Be6 {[%clk 01:33:59]} {[%emt 00:00:16]} 10.
O-O-O {[%clk 01:31:37]} {[%emt 00:02:24]} Ne5 {[%clk 01:32:02]} {[%emt
00:02:26]} 11. h3 {[%clk 01:28:52]} {[%emt 00:03:15]} Qa5 {[%clk 01:17:23]}
{[%emt 00:15:09]} 12. Kb1 {[%clk 01:16:54]} {[%emt 00:12:30]} Rfc8 {[%clk
01:04:15]} {[%emt 00:13:34]} 13. a3 {[%clk 01:06:58]} {[%emt 00:10:29]} Nc4
{[%clk 00:57:17]} {[%emt 00:07:26]} 14. Bxc4 {[%clk 01:06:09]} {[%emt
00:01:21]} Bxc4 {[%clk 00:56:51]} {[%emt 00:00:56]} 15. h4 {[%clk 01:01:07]}
{[%emt 00:05:33]} h5 {[%clk 00:50:45]} {[%emt 00:06:34]} 16. g5 {[%clk
00:55:39]} {[%emt 00:05:58]} Nd7 {[%clk 00:48:27]} {[%emt 00:02:48]} 17. f4
{[%clk 00:52:09]} {[%emt 00:04:01]} Qa6 {[%clk 00:45:19]} {[%emt 00:03:36]} 18.
f5 {[%clk 00:48:03]} {[%emt 00:04:38]} Rab8 {[%clk 00:36:58]} {[%emt 00:08:51]}
19. fxg6 {[%clk 00:40:59]} {[%emt 00:07:34]} fxg6 {[%clk 00:36:56]} {[%emt
00:00:32]} 20. Nd5 {[%clk 00:40:57]} {[%emt 00:00:32]} Bxd5 {[%clk 00:32:04]}
{[%emt 00:05:22]} 21. exd5 {[%clk 00:41:13]} {[%emt 00:00:14]} Ne5 {[%clk
00:30:16]} {[%emt 00:02:17]} 22. Ne6 {[%clk 00:34:48]} {[%emt 00:06:56]} Bh8
{[%clk 00:24:42]} {[%emt 00:06:03]} 23. Rhf1 {[%clk 00:28:37]} {[%emt
00:06:41]} b5 {[%clk 00:22:26]} {[%emt 00:02:46]} 24. Bd4 {[%clk 00:24:58]}
{[%emt 00:04:09]} b4 {[%clk 00:11:21]} {[%emt 00:11:36]} 25. axb4 {[%clk
00:21:29]} {[%emt 00:03:59]} Qc4 {[%clk 00:10:14]} {[%emt 00:01:36]} 26. Bc3
{[%clk 00:20:37]} {[%emt 00:01:22]} a5 {[%clk 00:09:31]} {[%emt 00:01:14]} 27.
Rf4 {[%clk 00:19:28]} {[%emt 00:01:39]} Qb5 {[%clk 00:08:37]} {[%emt 00:01:24]}
28. b3 {[%clk 00:15:30]} {[%emt 00:04:28]} axb4 {[%clk 00:06:06]} {[%emt
00:03:01]} 29. Bb2 {[%clk 00:13:05]} {[%emt 00:02:55]} Qa5 {[%clk 00:04:17]}
{[%emt 00:02:19]} 30. Qe2 {[%clk 00:07:34]} {[%emt 00:06:01]} Ra8 {[%clk
00:04:03]} {[%emt 00:00:44]} 31. Qe4 {[%clk 00:05:36]} {[%emt 00:02:28]} Qa2
{[%clk 00:03:55]} {[%emt 00:00:37]} 32. Kc1 {[%clk 00:06:03]} {[%emt 00:00:04]}
Qxb2 {[%clk 00:03:51]} {[%emt 00:00:34]} 33. Kd2 {[%emt 00:00:40]} Qc3 {[%clk
00:04:10]} {[%emt 00:00:10]} 34. Ke2 {[%clk 00:06:16]} {[%emt 00:00:08]} Qxc2
{[%clk 00:04:23]} {[%emt 00:00:17]} 0-1

[Event "DVM U12 2022"]
[Site "München GER"]
[Date "2022.12.28"]
[Round "3"]
[White "Merenda, Lukas-Benedikt"]
[Black "Greive, Jakob"]
[Result "0-1"]
[Termination "normal"]
[Board "1.3"]
[WhiteElo "1502"]
[BlackElo "1600"]
[WhiteClock "00:51:57"]
[BlackClock "00:23:35"]
[WhiteTeam "SF München"]
[BlackTeam "TV Tegernsee"]
[PlyCount "80"]
[WhiteFideId "34603336"]
[BlackFideId "34603476"]
[EventCountry "GER"]
[EventRounds "7"]
[EventType "team-swiss"]
[EventDate "2022.12.26"]

1. e4 {[%clk 01:30:59]} e5 {[%clk 01:30:50]} {[%emt 00:00:11]} 2. Bc4 {[%clk
01:31:25]} {[%emt 00:00:04]} Nf6 {[%clk 01:31:07]} {[%emt 00:00:12]} 3. d3
{[%clk 01:31:50]} {[%emt 00:00:06]} c6 {[%clk 01:30:31]} {[%emt 00:01:05]} 4.
Nf3 {[%clk 01:32:13]} {[%emt 00:00:07]} d5 {[%clk 01:30:44]} {[%emt 00:00:17]}
5. Bb3 {[%clk 01:32:39]} {[%emt 00:00:04]} a5 {[%clk 01:29:02]} {[%emt
00:02:11]} 6. a4 {[%clk 01:31:14]} {[%emt 00:01:56]} Bb4 {[%clk 01:28:17]}
{[%emt 00:01:14]} 7. Bd2 {[%clk 01:31:09]} {[%emt 00:00:36]} Bxd2 {[%clk
01:25:51]} {[%emt 00:02:56]} 8. Qxd2 {[%clk 01:31:26]} {[%emt 00:00:14]} O-O
{[%clk 01:18:44]} {[%emt 00:07:36]} 9. Nxe5 {[%clk 01:30:46]} {[%emt 00:01:11]}
Re8 {[%clk 01:17:44]} {[%emt 00:01:29]} 10. f4 {[%clk 01:30:39]} {[%emt
00:00:38]} Re7 {[%clk 01:12:33]} {[%emt 00:05:40]} 11. Nc3 {[%clk 01:24:17]}
{[%emt 00:06:51]} Be6 {[%clk 01:04:01]} {[%emt 00:09:03]} 12. d4 {[%clk
01:18:36]} {[%emt 00:06:11]} dxe4 {[%clk 01:01:07]} {[%emt 00:03:22]} 13. Bxe6
{[%clk 01:18:20]} {[%emt 00:00:48]} Rxe6 {[%clk 01:00:05]} {[%emt 00:01:32]}
14. O-O-O {[%clk 01:18:36]} {[%emt 00:00:14]} Nbd7 {[%clk 00:54:36]} {[%emt
00:05:57]} 15. h3 {[%clk 01:18:11]} {[%emt 00:00:56]} Qb6 {[%clk 00:51:18]}
{[%emt 00:03:46]} 16. g4 {[%clk 01:14:58]} {[%emt 00:03:45]} Rd8 {[%clk
00:49:00]} {[%emt 00:02:49]} 17. Qe2 {[%clk 01:11:19]} {[%emt 00:04:10]} e3
{[%clk 00:45:06]} {[%emt 00:04:22]} 18. Qxe3 {[%clk 01:05:46]} {[%emt
00:06:04]} Nd5 {[%clk 00:42:36]} {[%emt 00:02:59]} 19. Nxd5 {[%clk 01:04:58]}
{[%emt 00:01:18]} cxd5 {[%clk 00:42:47]} {[%emt 00:00:19]} 20. f5 {[%clk
01:03:41]} {[%emt 00:01:48]} Rxe5 {[%clk 00:42:52]} {[%emt 00:00:25]} 21. Qxe5
{[%clk 01:03:58]} {[%emt 00:00:13]} Nxe5 {[%clk 00:43:13]} {[%emt 00:00:08]}
22. dxe5 {[%clk 01:04:25]} {[%emt 00:00:03]} Qe3 {[%clk 00:41:00]} {[%emt
00:02:43]} 23. Kb1 {[%clk 01:04:17]} {[%emt 00:00:38]} Qxe5 {[%clk 00:40:53]}
{[%emt 00:00:37]} 24. Rhe1 {[%clk 01:02:52]} {[%emt 00:01:56]} Qd6 {[%clk
00:38:20]} {[%emt 00:03:02]} 25. c4 {[%clk 01:02:26]} {[%emt 00:00:57]} d4
{[%clk 00:37:51]} {[%emt 00:00:59]} 26. Rd3 {[%clk 01:01:08]} {[%emt 00:01:48]}
g6 {[%clk 00:36:43]} {[%emt 00:01:38]} 27. Rf1 {[%clk 01:00:37]} {[%emt
00:01:00]} Qb4 {[%clk 00:33:23]} {[%emt 00:03:49]} 28. b3 {[%clk 01:00:04]}
{[%emt 00:01:04]} Rc8 {[%clk 00:31:28]} {[%emt 00:02:23]} 29. Kc2 {[%clk
00:58:35]} {[%emt 00:02:01]} Qd6 {[%clk 00:25:35]} {[%emt 00:06:22]} 30. Kb2
{[%clk 00:54:05]} {[%emt 00:05:01]} Re8 {[%clk 00:25:00]} {[%emt 00:01:03]} 31.
Rd2 {[%clk 00:53:37]} {[%emt 00:01:00]} d3 {[%clk 00:24:47]} {[%emt 00:00:43]}
32. Rff2 {[%clk 00:52:05]} {[%emt 00:02:02]} Qd4 {[%clk 00:24:17]} {[%emt
00:00:59]} 33. Ka2 {[%clk 00:50:06]} {[%emt 00:02:30]} Qxf2 {[%clk 00:23:34]}
{[%emt 00:01:13]} 34. Rxf2 {[%clk 00:49:51]} {[%emt 00:00:45]} Re2 {[%clk
00:23:57]} {[%emt 00:00:07]} 35. Rxe2 {[%clk 00:50:08]} {[%emt 00:00:14]} dxe2
{[%clk 00:24:21]} {[%emt 00:00:06]} 36. f6 {[%clk 00:50:35]} {[%emt 00:00:03]}
e1=Q {[%clk 00:24:19]} {[%emt 00:00:29]} 37. g5 {[%clk 00:51:01]} {[%emt
00:00:07]} Qd2 {[%clk 00:24:24]} {[%emt 00:00:24]} 38. Ka3 {[%clk 00:51:24]}
{[%emt 00:00:08]} Qc2 {[%clk 00:23:30]} {[%emt 00:01:24]} 39. h4 {[%clk
00:51:35]} {[%emt 00:00:19]} Qb1 {[%clk 00:23:35]} {[%emt 00:00:24]} 40. b4
{[%clk 00:51:57]} {[%emt 00:00:09]} axb4# {[%emt 00:00:15]} 0-1

[Event "DVM U12 2022"]
[Site "München GER"]
[Date "2022.12.28"]
[Round "3"]
[White "Franzky, Julian"]
[Black "Kaushal, Vedarth"]
[Result "1-0"]
[Termination "normal"]
[Board "1.4"]
[WhiteElo "1505"]
[BlackElo "1139"]
[WhiteClock "00:45:29"]
[BlackClock "00:51:27"]
[WhiteTeam "TV Tegernsee"]
[BlackTeam "SF München"]
[PlyCount "37"]
[WhiteFideId "16291603"]
[BlackFideId "34631135"]
[EventCountry "GER"]
[EventRounds "7"]
[EventType "team-swiss"]
[EventDate "2022.12.26"]

1. e4 {[%clk 01:30:58]} {[%emt 00:00:01]} e5 {[%clk 01:30:56]} {[%emt
00:00:05]} 2. Nf3 {[%clk 01:31:04]} {[%emt 00:00:24]} Nc6 {[%clk 01:31:17]}
{[%emt 00:00:09]} 3. d4 {[%clk 01:31:16]} {[%emt 00:00:18]} exd4 {[%clk
01:31:39]} {[%emt 00:00:08]} 4. Nxd4 {[%clk 01:31:41]} {[%emt 00:00:04]} Qh4
{[%clk 01:32:00]} {[%emt 00:00:09]} 5. Nc3 {[%clk 01:31:50]} {[%emt 00:00:22]}
Bb4 {[%clk 01:32:20]} {[%emt 00:00:10]} 6. Qd3 {[%clk 01:23:41]} {[%emt
00:08:38]} Ne5 {[%clk 01:21:47]} {[%emt 00:11:02]} 7. Qe3 {[%clk 01:14:01]}
{[%emt 00:10:09]} Nf6 {[%clk 01:20:00]} {[%emt 00:02:18]} 8. Qf4 {[%clk
01:08:48]} {[%emt 00:05:43]} Bxc3 {[%clk 01:08:55]} {[%emt 00:11:36]} 9. bxc3
{[%clk 01:08:05]} {[%emt 00:01:12]} Qxf4 {[%clk 01:08:25]} {[%emt 00:01:00]}
10. Bxf4 {[%clk 01:08:08]} {[%emt 00:00:28]} d6 {[%clk 01:04:56]} {[%emt
00:04:00]} 11. f3 {[%clk 01:07:25]} {[%emt 00:01:12]} Ng6 {[%clk 00:57:54]}
{[%emt 00:07:31]} 12. Be3 {[%clk 01:02:48]} {[%emt 00:05:07]} c5 {[%clk
00:55:48]} {[%emt 00:02:37]} 13. Nb5 {[%clk 01:00:46]} {[%emt 00:02:32]} Kd7
{[%clk 00:56:01]} {[%emt 00:00:17]} 14. O-O-O {[%clk 00:59:18]} {[%emt
00:01:58]} a6 {[%clk 00:54:09]} {[%emt 00:02:21]} 15. Nxd6 {[%clk 00:59:10]}
{[%emt 00:00:38]} Kc6 {[%clk 00:50:43]} {[%emt 00:03:56]} 16. Nxf7 {[%clk
00:52:14]} {[%emt 00:07:26]} Rf8 {[%clk 00:50:57]} {[%emt 00:00:15]} 17. Nd6
{[%clk 00:51:16]} {[%emt 00:01:29]} Be6 {[%clk 00:51:13]} {[%emt 00:00:14]} 18.
Nc4 {[%clk 00:48:26]} {[%emt 00:03:21]} b5 {[%clk 00:51:27]} {[%emt 00:00:15]}
19. Rd6 {[%clk 00:45:29]} {[%emt 00:03:28]} 1-0

[Event "DVM U12 2022"]
[Site "München GER"]
[Date "2022.12.28"]
[Round "3"]
[White "Riechenberg, Sebastian"]
[Black "Lu, Yunong Elias"]
[Result "1/2-1/2"]
[Termination "normal"]
[Board "2.1"]
[WhiteElo "1771"]
[BlackElo "1678"]
[WhiteClock "00:13:59"]
[BlackClock "01:15:17"]
[WhiteTeam "SV Erkenschwick 1923"]
[BlackTeam "Hamburger SK von 1830"]
[PlyCount "144"]
[WhiteFideId "34605231"]
[BlackFideId "16276426"]
[EventCountry "GER"]
[EventRounds "7"]
[EventType "team-swiss"]
[EventDate "2022.12.26"]

1. e4 {[%clk 01:30:59]} e5 {[%clk 01:30:53]} {[%emt 00:00:07]} 2. Nf3 {[%clk
01:31:08]} {[%emt 00:00:20]} Nf6 {[%clk 01:31:21]} {[%emt 00:00:03]} 3. d4
{[%clk 01:30:29]} {[%emt 00:01:10]} exd4 {[%clk 01:31:42]} {[%emt 00:00:09]} 4.
e5 {[%clk 01:30:19]} {[%emt 00:00:40]} Ne4 {[%clk 01:32:10]} {[%emt 00:00:01]}
5. Qxd4 {[%clk 01:27:12]} {[%emt 00:03:37]} d5 {[%clk 01:32:34]} {[%emt
00:00:07]} 6. exd6 {[%clk 01:25:47]} {[%emt 00:01:54]} Nxd6 {[%clk 01:32:52]}
{[%emt 00:00:12]} 7. Bg5 {[%clk 01:22:30]} {[%emt 00:03:46]} f6 {[%clk
01:31:54]} {[%emt 00:01:29]} 8. Be3 {[%clk 01:21:21]} {[%emt 00:01:39]} Nc6
{[%clk 01:29:43]} {[%emt 00:02:42]} 9. Qd2 {[%clk 01:15:09]} {[%emt 00:06:41]}
Be7 {[%clk 01:27:35]} {[%emt 00:02:38]} 10. Bd3 {[%clk 01:13:42]} {[%emt
00:01:58]} O-O {[%clk 01:26:38]} {[%emt 00:01:27]} 11. Nc3 {[%clk 01:12:32]}
{[%emt 00:01:39]} Bf5 {[%clk 01:26:00]} {[%emt 00:01:05]} 12. Rd1 {[%clk
01:10:35]} {[%emt 00:02:31]} Be6 {[%clk 01:12:44]} {[%emt 00:13:45]} 13. Qe2
{[%clk 01:09:42]} {[%emt 00:01:20]} Qc8 {[%clk 01:10:37]} {[%emt 00:02:41]} 14.
Ne4 {[%clk 01:01:52]} {[%emt 00:08:20]} Nb4 {[%clk 01:09:14]} {[%emt 00:01:52]}
15. Nxd6 {[%clk 00:52:38]} {[%emt 00:09:44]} Nxd3 {[%clk 01:08:44]} {[%emt
00:00:59]} 16. cxd3 {[%clk 00:52:24]} {[%emt 00:00:45]} Bxd6 {[%clk 01:08:21]}
{[%emt 00:00:53]} 17. Nd4 {[%clk 00:46:36]} {[%emt 00:06:18]} Bf7 {[%clk
01:06:59]} {[%emt 00:01:53]} 18. O-O {[%clk 00:46:33]} {[%emt 00:00:32]} c6
{[%clk 01:04:57]} {[%emt 00:02:33]} 19. a3 {[%clk 00:45:07]} {[%emt 00:01:55]}
Re8 {[%clk 01:04:03]} {[%emt 00:01:24]} 20. b4 {[%clk 00:41:08]} {[%emt
00:04:30]} Qd7 {[%clk 01:00:27]} {[%emt 00:04:05]} 21. Qd2 {[%clk 00:38:04]}
{[%emt 00:05:21]} Rad8 {[%clk 00:58:22]} {[%emt 00:00:48]} 22. Ne2 {[%clk
00:37:24]} {[%emt 00:01:10]} Bb8 {[%clk 00:57:27]} {[%emt 00:01:26]} 23. d4
{[%clk 00:35:44]} {[%emt 00:02:10]} Qd6 {[%clk 00:55:20]} {[%emt 00:02:36]} 24.
g3 {[%clk 00:28:25]} {[%emt 00:07:50]} Bh5 {[%clk 00:53:37]} {[%emt 00:02:11]}
25. Qa2 {[%clk 00:24:36]} {[%emt 00:04:21]} Kh8 {[%clk 00:52:50]} {[%emt
00:01:16]} 26. Rd2 {[%clk 00:24:47]} {[%emt 00:00:19]} Qd7 {[%clk 00:50:47]}
{[%emt 00:02:33]} 27. Nf4 {[%clk 00:22:24]} {[%emt 00:02:54]} Bxf4 {[%clk
00:49:24]} {[%emt 00:01:53]} 28. Bxf4 {[%clk 00:22:45]} {[%emt 00:00:09]} Qh3
{[%clk 00:49:10]} {[%emt 00:00:43]} 29. Qb3 {[%clk 00:22:55]} {[%emt 00:00:21]}
g5 {[%clk 00:47:17]} {[%emt 00:02:23]} 30. Bc7 {[%clk 00:14:12]} {[%emt
00:09:13]} Rd7 {[%clk 00:47:19]} {[%emt 00:00:28]} 31. f4 {[%clk 00:13:28]}
{[%emt 00:01:14]} Rxc7 {[%clk 00:45:25]} {[%emt 00:02:24]} 32. fxg5 {[%clk
00:13:48]} {[%emt 00:00:10]} Qe6 {[%clk 00:43:17]} {[%emt 00:02:26]} 33. Qb2
{[%clk 00:13:58]} {[%emt 00:00:31]} Qe3 {[%clk 00:41:57]} {[%emt 00:01:50]} 34.
Rdf2 {[%clk 00:14:09]} {[%emt 00:00:20]} Rf7 {[%clk 00:41:25]} {[%emt
00:01:02]} 35. Kg2 {[%clk 00:14:21]} {[%emt 00:00:18]} Ref8 {[%clk 00:40:41]}
{[%emt 00:01:15]} 36. d5 {[%clk 00:14:18]} {[%emt 00:00:33]} cxd5 {[%clk
00:41:01]} {[%emt 00:00:11]} 37. Rxf6 {[%clk 00:14:40]} {[%emt 00:00:07]} Qe2
{[%clk 00:40:45]} {[%emt 00:00:46]} 38. Qxe2 {[%clk 00:14:45]} {[%emt
00:00:26]} Bxe2 {[%clk 00:41:13]} {[%emt 00:00:02]} 39. Rxf7 {[%clk 00:15:10]}
{[%emt 00:00:05]} Bxf1 {[%clk 00:41:16]} {[%emt 00:00:27]} 40. Rxf1 {[%clk
00:15:32]} {[%emt 00:00:07]} Rc8 {[%clk 00:41:17]} {[%emt 00:00:29]} 41. Rf7
{[%clk 00:15:29]} {[%emt 00:00:34]} Rc2 {[%clk 00:41:21]} {[%emt 00:00:26]} 42.
Kg1 {[%clk 00:05:01]} {[%emt 00:10:58]} Ra2 {[%clk 00:40:50]} {[%emt 00:01:01]}
43. Rxb7 {[%clk 00:05:12]} {[%emt 00:00:19]} Rxa3 {[%clk 00:41:19]} {[%emt
00:00:02]} 44. Kg2 {[%clk 00:05:25]} {[%emt 00:00:15]} a5 {[%clk 00:41:33]}
{[%emt 00:00:17]} 45. bxa5 {[%clk 00:05:16]} {[%emt 00:00:39]} Rxa5 {[%clk
00:42:01]} {[%emt 00:00:02]} 46. h4 {[%clk 00:04:38]} {[%emt 00:01:08]} Ra3
{[%clk 00:42:13]} {[%emt 00:00:19]} 47. Rd7 {[%clk 00:04:32]} {[%emt 00:00:36]}
Rd3 {[%clk 00:42:33]} {[%emt 00:00:09]} 48. h5 {[%clk 00:00:44]} {[%emt
00:04:18]} Kg8 {[%clk 00:42:06]} {[%emt 00:00:57]} 49. h6 {[%clk 00:30:17]}
{[%emt 00:00:56]} d4 {[%clk 01:11:10]} {[%emt 00:01:27]} 50. Kf2 {[%clk
00:28:24]} {[%emt 00:02:22]} Ra3 {[%clk 01:08:47]} {[%emt 00:02:54]} 51. Rg7
{[%clk 00:22:58]} {[%emt 00:05:56]} Kh8 {[%clk 01:08:38]} {[%emt 00:00:39]} 52.
g4 {[%clk 00:21:55]} {[%emt 00:01:33]} Ra5 {[%clk 01:08:03]} {[%emt 00:01:05]}
53. Rf7 {[%clk 00:21:05]} {[%emt 00:01:18]} Rxg5 {[%clk 01:08:32]} {[%emt
00:00:03]} 54. Kf3 {[%clk 00:20:07]} {[%emt 00:01:27]} Rg6 {[%clk 01:08:10]}
{[%emt 00:00:51]} 55. Rd7 {[%clk 00:13:02]} {[%emt 00:07:36]} Rxh6 {[%clk
01:08:32]} {[%emt 00:00:09]} 56. Kf4 {[%clk 00:13:09]} {[%emt 00:00:22]} Ra6
{[%emt 00:00:08]} 57. Rxd4 {[%clk 00:13:22]} {[%emt 00:00:15]} Kg8 {[%clk
01:09:20]} {[%emt 00:00:06]} 58. Kg5 {[%clk 00:13:40]} {[%emt 00:00:11]} Ra5
{[%clk 01:09:47]} {[%emt 00:00:06]} 59. Kh6 {[%clk 00:13:49]} {[%emt 00:00:19]}
Ra6 {[%clk 01:10:16]} {[%emt 00:00:02]} 60. Kh5 {[%clk 00:14:00]} {[%emt
00:00:18]} Kg7 {[%clk 01:10:45]} {[%emt 00:00:01]} 61. Rd7 {[%clk 00:14:22]}
{[%emt 00:00:09]} Kg8 {[%clk 01:10:59]} {[%emt 00:00:16]} 62. Rd8 {[%clk
00:12:09]} {[%emt 00:02:42]} Kg7 {[%clk 01:11:26]} {[%emt 00:00:03]} 63. Rd7
{[%clk 00:12:27]} {[%emt 00:00:12]} Kg8 {[%clk 01:11:54]} {[%emt 00:00:02]} 64.
Rd8 {[%clk 00:12:52]} {[%emt 00:00:06]} Kf7 {[%clk 01:12:13]} {[%emt 00:00:10]}
65. g5 {[%clk 00:12:54]} {[%emt 00:00:27]} Kg7 {[%clk 01:12:35]} {[%emt
00:00:08]} 66. Rd7 {[%clk 00:13:06]} {[%emt 00:00:19]} Kg8 {[%clk 01:13:02]}
{[%emt 00:00:03]} 67. Rb7 {[%clk 00:12:58]} {[%emt 00:00:39]} Ra8 {[%clk
01:13:20]} {[%emt 00:00:11]} 68. g6 {[%clk 00:13:03]} {[%emt 00:00:25]} hxg6
{[%clk 01:13:39]} {[%emt 00:00:11]} 69. Kh6 {[%clk 00:13:25]} {[%emt 00:00:08]}
g5 {[%clk 01:13:56]} {[%emt 00:00:13]} 70. Rg7 {[%clk 00:13:27]} {[%emt
00:00:28]} Kh8 {[%clk 01:14:24]} {[%emt 00:00:02]} 71. Rxg5 {[%clk 00:13:39]}
{[%emt 00:00:19]} Ra6 {[%clk 01:14:48]} {[%emt 00:00:06]} 72. Kh5 {[%clk
00:13:59]} {[%emt 00:00:09]} Kh7 {[%clk 01:15:17]} 1/2-1/2

[Event "DVM U12 2022"]
[Site "München GER"]
[Date "2022.12.28"]
[Round "3"]
[White "Braun, Julian"]
[Black "Allen, Phillipp"]
[Result "1-0"]
[Termination "normal"]
[Board "2.2"]
[WhiteElo "1683"]
[BlackElo "1588"]
[WhiteClock "00:12:17"]
[BlackClock "00:02:20"]
[WhiteTeam "Hamburger SK von 1830"]
[BlackTeam "SV Erkenschwick 1923"]
[PlyCount "91"]
[WhiteFideId "16289293"]
[BlackFideId "16272846"]
[EventCountry "GER"]
[EventRounds "7"]
[EventType "team-swiss"]
[EventDate "2022.12.26"]

1. e4 {[%clk 01:30:59]} c6 {[%clk 01:30:30]} 2. Nc3 {[%clk 01:30:59]} d5 {[%clk
01:30:30]} 3. Qf3 {[%clk 01:30:59]} dxe4 {[%clk 01:30:52]} {[%emt 00:39:56]} 4.
Nxe4 {[%clk 01:32:23]} {[%emt 00:00:03]} Nf6 {[%clk 01:29:59]} {[%emt
00:01:22]} 5. Bc4 {[%clk 01:32:42]} {[%emt 00:00:11]} e6 {[%clk 01:29:41]}
{[%emt 00:00:48]} 6. Nxf6 {[%clk 01:28:51]} {[%emt 00:04:21]} Qxf6 {[%clk
01:29:45]} {[%emt 00:00:26]} 7. Qg3 {[%clk 01:22:45]} {[%emt 00:06:36]} b5
{[%clk 01:25:06]} {[%emt 00:05:09]} 8. Bb3 {[%clk 01:19:58]} {[%emt 00:03:18]}
Bb7 {[%clk 01:20:45]} {[%emt 00:04:50]} 9. Ne2 {[%clk 01:14:53]} {[%emt
00:05:35]} Bc5 {[%clk 01:14:16]} {[%emt 00:06:58]} 10. O-O {[%clk 01:13:06]}
{[%emt 00:03:14]} Na6 {[%clk 01:13:33]} {[%emt 00:01:13]} 11. d4 {[%clk
01:01:30]} {[%emt 00:12:06]} Bb6 {[%clk 01:05:34]} {[%emt 00:08:29]} 12. Bg5
{[%clk 00:57:17]} {[%emt 00:04:43]} Qf5 {[%clk 01:02:54]} {[%emt 00:03:10]} 13.
c3 {[%clk 00:47:09]} {[%emt 00:10:38]} Bc7 {[%clk 00:55:47]} {[%emt 00:07:37]}
14. Qe3 {[%clk 00:45:14]} {[%emt 00:02:25]} h6 {[%clk 00:50:48]} {[%emt
00:05:29]} 15. Bh4 {[%clk 00:44:12]} {[%emt 00:01:31]} g5 {[%clk 00:49:08]}
{[%emt 00:02:11]} 16. Bg3 {[%clk 00:44:12]} {[%emt 00:00:31]} Bxg3 {[%clk
00:44:38]} {[%emt 00:05:00]} 17. fxg3 {[%clk 00:43:11]} {[%emt 00:01:31]} Qh7
{[%clk 00:40:09]} {[%emt 00:04:59]} 18. Rf6 {[%clk 00:40:07]} {[%emt 00:03:34]}
Nc7 {[%clk 00:38:54]} {[%emt 00:01:45]} 19. Qe5 {[%clk 00:34:06]} {[%emt
00:06:31]} O-O-O {[%clk 00:36:33]} {[%emt 00:02:52]} 20. Raf1 {[%clk 00:30:33]}
{[%emt 00:04:03]} Rd7 {[%clk 00:33:11]} {[%emt 00:03:52]} 21. Rxf7 {[%clk
00:24:54]} {[%emt 00:06:10]} Rxf7 {[%clk 00:30:51]} {[%emt 00:02:50]} 22. Rxf7
{[%clk 00:25:21]} {[%emt 00:00:03]} Qxf7 {[%clk 00:31:08]} {[%emt 00:00:14]}
23. Qxh8 {[%clk 00:25:39]} {[%emt 00:00:11]} Kd7 {[%clk 00:23:02]} {[%emt
00:08:36]} 24. Qxh6 {[%clk 00:25:33]} {[%emt 00:00:35]} Qf5 {[%clk 00:22:31]}
{[%emt 00:01:01]} 25. Qg7 {[%clk 00:24:47]} {[%emt 00:01:16]} Kd8 {[%clk
00:22:25]} {[%emt 00:00:36]} 26. Qe5 {[%clk 00:24:21]} {[%emt 00:00:54]} Qb1
{[%clk 00:19:02]} {[%emt 00:03:55]} 27. Kf2 {[%clk 00:24:34]} {[%emt 00:00:18]}
Qf5 {[%clk 00:17:39]} {[%emt 00:01:53]} 28. Qxf5 {[%clk 00:24:23]} {[%emt
00:00:41]} exf5 {[%clk 00:18:05]} {[%emt 00:00:04]} 29. Nc1 {[%clk 00:21:31]}
{[%emt 00:03:21]} c5 {[%clk 00:14:29]} {[%emt 00:04:08]} 30. dxc5 {[%clk
00:21:23]} {[%emt 00:00:37]} Be4 {[%clk 00:14:56]} {[%emt 00:00:03]} 31. Ne2
{[%clk 00:20:40]} {[%emt 00:01:13]} Na6 {[%clk 00:15:02]} {[%emt 00:00:25]} 32.
Nd4 {[%clk 00:20:14]} {[%emt 00:00:55]} Nxc5 {[%clk 00:15:16]} {[%emt
00:00:16]} 33. Ne6 {[%clk 00:19:57]} {[%emt 00:00:46]} Nxe6 {[%clk 00:15:41]}
{[%emt 00:00:07]} 34. Bxe6 {[%clk 00:20:19]} {[%emt 00:00:08]} Ke7 {[%clk
00:15:17]} {[%emt 00:00:54]} 35. Bb3 {[%clk 00:19:33]} {[%emt 00:01:16]} a5
{[%clk 00:14:20]} {[%emt 00:01:28]} 36. Bd1 {[%clk 00:19:20]} {[%emt 00:00:42]}
Kd6 {[%clk 00:14:00]} {[%emt 00:00:50]} 37. Bf3 {[%clk 00:18:58]} {[%emt
00:00:52]} Bb1 {[%clk 00:13:59]} {[%emt 00:00:31]} 38. a3 {[%clk 00:18:46]}
{[%emt 00:00:42]} a4 {[%clk 00:13:31]} {[%emt 00:00:58]} 39. Ke3 {[%clk
00:18:24]} {[%emt 00:00:52]} Kc5 {[%clk 00:12:49]} {[%emt 00:01:12]} 40. h3
{[%clk 00:13:26]} {[%emt 00:05:29]} Kc4 {[%clk 00:08:56]} {[%emt 00:04:23]} 41.
Kd2 {[%clk 00:11:21]} {[%emt 00:02:35]} Kb3 {[%clk 00:02:02]} {[%emt 00:07:23]}
42. Kc1 {[%clk 00:11:35]} {[%emt 00:00:16]} Bd3 {[%clk 00:01:55]} {[%emt
00:00:37]} 43. Bd5 {[%clk 00:11:53]} {[%emt 00:00:12]} Bc4 {[%clk 00:02:20]}
{[%emt 00:00:06]} 44. Bxc4 {[%clk 00:12:12]} {[%emt 00:00:11]} bxc4 {[%clk
00:02:47]} {[%emt 00:00:03]} 45. h4 {[%clk 00:12:17]} {[%emt 00:00:25]} f4
{[%clk 00:02:20]} {[%emt 00:00:57]} 46. gxf4 {[%emt 00:00:28]} 1-0